[Event "SVK-chT3A2 0809"]
[Site "Slovakia"]
[Date "2009.01.11"]
[Round "5.8"]
[White "Steinecker, Frantisek"]
[Black "Cernay, Rastislav"]
[Result "1-0"]
[WhiteElo "1723"]
[BlackElo "1495"]
[PlyCount "37"]
[EventDate "2008.10.19"]
[EventType "team-tourn"]
[EventRounds "11"]
[EventCountry "SVK"]
[SourceTitle "EXT 2010"]
[Source "ChessBase"]
[SourceDate "2010.11.25"]
[SourceVersion "1"]
[SourceVersionDate "2010.11.25"]
[SourceQuality "1"]
[WhiteTeam "Trnava Lokomotiva III"]
[BlackTeam "Hlohovec SK Zentiva III"]
[WhiteTeamCountry "SVK"]
[BlackTeamCountry "SVK"]

1. Nf3 Nc6 2. b3 e5 3. e4 Bc5 4. Bb2 d6 5. Be2 Nf6 6. d3 0-0 7. 0-0 Bg4 8. h3 Bh5 9. Nbd2 Qd7 10. a3 a5 11. Nc4 b5 12. Ne3 Ne7 13. Nh4 Bxe2 14. Qxe2 h6 15. Kh1 Nh7 16. Nhf5 Ng5 17. Qg4 Ng6 18. Nxh6+ gxh6 19. Qxd7 1-0

[Event "SVK-ch U16"]
[Site "Liptovsky Mikulas"]
[Date "2007.04.27"]
[Round "9"]
[White "Harasta, Juraj"]
[Black "Cernay, Rastislav"]
[Result "1-0"]
[WhiteElo "1723"]
[BlackElo "1350"]
[PlyCount "99"]
[EventDate "2007.04.22"]
[EventType "swiss"]
[EventRounds "9"]
[EventCountry "SVK"]
[SourceTitle "EXT 2008"]
[Source "ChessBase"]
[SourceDate "2007.11.25"]
[SourceVersion "1"]
[SourceVersionDate "2007.11.25"]
[SourceQuality "1"]

1. e4 e5 2. f4 exf4 3. Nf3 Nf6 4. e5 Nd5 5. Bc4 c6 6. 0-0 d6 7. d4 Bg4 8. Qe1 Bxf3 9. Rxf3 b6 10. exd6+ Kd7 11. Bxd5 cxd5 12. Qe5 f6 13. Qxd5 Nc6 14. Qb5 Bxd6 15. d5 Qc7 16. dxc6+ Qxc6 17. Qxc6+ Kxc6 18. Bxf4 Bxf4 19. Rxf4 Rhd8 20. Nc3 Rab8 21. b3 Rd2 22. Rf2 Rbd8 23. Re1 Rxf2 24. Kxf2 Rd2+ 25. Re2 Rd7 26. Ne4 Re7 27. c4 f5 28. Nc3 Rd7 29. Nd5 Kd6 30. Kf3 g6 31. Kf4 h6 32. Re8 g5+ 33. Kf3 Rh7 34. Rf8 f4 35. Re8 Kd7 36. Nf6+ Kd6 37. Nxh7 a5 38. Ra8 Kc5 39. Rxa5+ Kb4 40. Rb5+ Ka3 41. c5 Kxa2 42. c6 g4+ 43. Kxg4 h5+ 44. Kxh5 f3 45. gxf3 Kb2 46. Rc5 Kxb3 47. c7 Kb4 48. c8Q Ka3 49. Rb5 Ka2 50. Qa6# 1-0

[Event "SVK-ch U16"]
[Site "Liptovsky Mikulas"]
[Date "2007.04.24"]
[Round "4"]
[White "Krajicek, Karol"]
[Black "Cernay, Rastislav"]
[Result "1-0"]
[WhiteElo "1509"]
[BlackElo "1350"]
[PlyCount "38"]
[EventDate "2007.04.22"]
[EventType "swiss"]
[EventRounds "9"]
[EventCountry "SVK"]
[SourceTitle "EXT 2008"]
[Source "ChessBase"]
[SourceDate "2007.11.25"]
[SourceVersion "1"]
[SourceVersionDate "2007.11.25"]
[SourceQuality "1"]

1. e4 e5 2. Nf3 Nc6 3. Nc3 Bc5 4. Nxe5 Qf6 5. Nf3 d6 6. Nd5 Qd8 7. d4 Bb6 8. c3 Be6 9. Nxb6 axb6 10. d5 Qe7 11. dxe6 Qxe6 12. Qd5 Nf6 13. Qxe6+ fxe6 14. Bb5 Nxe4 15. Bxc6+ bxc6 16. 0-0 Kd7 17. Re1 Nc5 18. b4 Nd3 19. Rd1 Nf4 1-0